| 000 | 00370nam a2200145Ia 4500 | ||
|---|---|---|---|
| 008 | 230312s9999||||xx |||||||||||||| ||und|| | ||
| 020 | _a93-325-5246-3 | ||
| 082 |
_a512.5 _bPET-L |
||
| 100 | _aPeterson;Gary.L | ||
| 245 | 0 | _aLinear Algebra and Differential Equations | |
| 260 |
_bPearsons _aIndia _c2016 |
||
| 300 | _a463 | ||
| 650 |
_aEngineering _vAvionics |
||
| 942 | _cBK | ||
| 999 |
_c9496 _d9496 |
||